Handbook for industry studies (Record no. 367371)

000 -LEADER
fixed length control field 00315cam a22001217a 4500
008 - FIXED-LENGTH DATA ELEMENTS--GENERAL INFORMATION
fixed length control field 180718b1959 xxu||||| |||| 00| 0 eng d
082 ## - DEWEY DECIMAL CLASSIFICATION NUMBER
Classification number T2 H121
100 ## - MAIN ENTRY--PERSONAL NAME
Personal name Hagen, Everett E.
245 ## - TITLE STATEMENT
Title Handbook for industry studies
Statement of responsibility, etc. by Everett E. Hagen
260 ## - PUBLICATION, DISTRIBUTION, ETC.
Place of publication, distribution, etc. Bombay
Name of publisher, distributor, etc. Asia
Date of publication, distribution, etc. 1959
300 ## - PHYSICAL DESCRIPTION
Extent 80p.
650 ## - SUBJECT ADDED ENTRY--TOPICAL TERM
Topical term or geographic name entry element Industry
Holdings
Withdrawn status Lost status Damaged status Not for loan Permanent Location Current Location Date acquired Full call number Barcode Date last seen Price effective from Koha item type
        Indian Institute of Public Administration Indian Institute of Public Administration 1994-05-12 T2 H121 16554 2018-07-21 2018-07-21 Book

Powered by Koha